|
|
|
|
| LEADER |
00000ny a22000003n 4500 |
| 005 |
2011051006076.0 |
| 008 |
991018c19999999ck uu p g 0 0spa |
| 010 |
|
|
|a 00206519
|
| 022 |
|
|
|a 0124-0579
|
| 035 |
|
|
|a 2401
|
| 040 |
|
|
|a DLC
|c DLC
|d vLex
|
| 050 |
0 |
0 |
|a K19
|b .E84
|
| 090 |
|
|
|c 1566
|d 1566
|
| 245 |
3 |
0 |
|a Revista Estudios socio-jurd̕icos
|h [Recurso electrn̤ico]
|c Universidad del Rosario, Colegio Mayor de Nuestra Seǫra del Rosario, Facultad de Jurisprudencia, Centro de Investigaciones Socio-Jurd̕icas Carlos Holgun̕ Holgun̕
|
| 246 |
3 |
|
|a Socio-jurd̕icos
|
| 246 |
3 |
|
|a Estudios socio-jurd̕icos
|
| 256 |
|
|
|a Servicio en ln̕ea
|
| 260 |
|
|
|a Santa Fe de Bogot,̀ D.C. :
|b Centro de Investigaciones Socio-Jurd̕icas Carlos Holgun̕ Holgun̕
|
| 506 |
1 |
|
|a Contenido solo disponible en los productos indicados
|d vLex Global
|d vLex Global (Academic Edition, excluding Law Schools)
|d vLex Global (U.S. Academic Edition, Law Schools)
|d vLex Global (U.S. Academic Edition, excluding Law Schools)
|d vLex Global (Academic Edition, Law Schools)
|
| 650 |
0 |
4 |
|a Derecho
|z Colombia
|x Publicaciones perid̤icas
|
| 710 |
2 |
|
|a Centro de Investigaciones Socio-Jurd̕icas Carlos Holgun̕ Holgun̕
|
| 740 |
0 |
|
|a vLex Revista (Servicios en ln̕ea)
|
| 843 |
|
|
|a Electrn̤ica. Abierta
|
| 853 |
|
|
|8 1
|i (year)
|j (month)
|k (day)
|
| 856 |
4 |
0 |
|u http://vlex.com/source/2401
|z Acceso restringido
|
| 942 |
|
|
|c REV
|
| 999 |
|
0 |
|a Law
|z Colombia
|v Periodicals.
|